MARC details
| 000 -CABECERA |
| campo de control de longitud fija |
01964nam a22003857a 4500 |
| 001 - NÚMERO DE CONTROL |
| campo de control |
BRCA_9189 |
| 003 - IDENTIFICADOR DEL NÚMERO DE CONTROL |
| campo de control |
FranzMayer |
| 005 - FECHA Y HORA DE LA ÚLTIMA TRANSACCIÓN |
| campo de control |
20220809132614.0 |
| 008 - DATOS DE LONGITUD FIJA--INFORMACIÓN GENERAL |
| campo de control de longitud fija |
220705b |||||||| |||| 00| 0 spa d |
| 020 ## - NÚMERO INTERNACIONAL ESTÁNDAR DEL LIBRO |
| Número Internacional Estándar del Libro |
9786074612875 |
| 040 ## - FUENTE DE LA CATALOGACIÓN |
| Lengua de catalogación |
spa |
| Centro/agencia transcriptor |
MFM |
| 041 ## - CÓDIGO DE LENGUA |
| Código de lengua del texto/banda sonora o título independiente |
spa |
| 050 ## - SIGNATURA TOPOGRÁFICA DE LA BIBLIOTECA DEL CONGRESO |
| Número de clasificación |
F1386.6 C37 |
| Número de documento/Ítem |
B67 2020 |
| 245 #3 - MENCIÓN DE TÍTULO |
| Título |
El Bosque de Chapultepec : |
| Resto del título |
Sitio sagrado y natural de México |
| 260 ## - PUBLICACIÓN, DISTRIBUCIÓN, ETC. |
| Lugar de publicación, distribución, etc. |
México : |
| Nombre del editor, distribuidor, etc. |
Fideicomiso Pro Bosque de Chapultepec |
| -- |
Artes de México y del Mundo |
| Fecha de publicación, distribución, etc. |
2020 |
| 300 ## - DESCRIPCIÓN FÍSICA |
| Extensión |
263 p. : |
| Otras características físicas |
il., fot. y map. ; |
| Dimensiones |
26 x 32 cm. |
| 500 ## - NOTA GENERAL |
| Nota general |
Ubicación: L59-N5 |
| 504 ## - NOTA DE BIBLIOGRAFÍA, ETC. |
| Nota de bibliografía, etc. |
Bibliografía: p. 258-260 |
| 505 ## - NOTA DE CONTENIDO CON FORMATO |
| Título |
Presentación / |
| Mención de responsabilidad |
Sharon Fastlicht de Azcárraga |
| 505 ## - NOTA DE CONTENIDO CON FORMATO |
| Título |
Cimientos sagrados: Chapultepec prehispánico / |
| Mención de responsabilidad |
Eduardo Matos Moctezuma |
| 505 ## - NOTA DE CONTENIDO CON FORMATO |
| Título |
Chapultepec en la literatura náhuatl / |
| Mención de responsabilidad |
Miguel León-Portilla |
| 505 ## - NOTA DE CONTENIDO CON FORMATO |
| Título |
Vestigios de un pasado en confluencia. Cinco siglos de Chapultepec / |
| Mención de responsabilidad |
Amparo Gómez Tepexicuapan y salvador Rueda Smithers |
| 505 ## - NOTA DE CONTENIDO CON FORMATO |
| Título |
Paisaje irrepetible / |
| Mención de responsabilidad |
Miguel Ángel Fernández |
| 505 ## - NOTA DE CONTENIDO CON FORMATO |
| Título |
Revivir el prodigio / |
| Mención de responsabilidad |
Ángeles Mastretta |
| 505 ## - NOTA DE CONTENIDO CON FORMATO |
| Título |
Paseos por el viejo y nuevo Chapultepec / |
| Mención de responsabilidad |
Ángeles González Gamio |
| 505 ## - NOTA DE CONTENIDO CON FORMATO |
| Título |
Chapultepec en el siglo XXI / |
| Mención de responsabilidad |
Mónica del Villar K. |
| 505 ## - NOTA DE CONTENIDO CON FORMATO |
| Título |
La trama de la vida en el Bosque de Chapultepec / |
| Mención de responsabilidad |
Carlos Galindo Leal |
| 505 ## - NOTA DE CONTENIDO CON FORMATO |
| Título |
¿Bosque urbano salvaje? / |
| Mención de responsabilidad |
Vance G. Martin |
| 505 ## - NOTA DE CONTENIDO CON FORMATO |
| Título |
Chapultepec a la una de la tarde / |
| Mención de responsabilidad |
Héctor de Mauleón |
| 505 ## - NOTA DE CONTENIDO CON FORMATO |
| Título |
Plenilunio de la muñeca / |
| Mención de responsabilidad |
Vicente Quirarte |
| 520 ## - SUMARIO, ETC. |
| Sumario, etc. |
Esta obra da testimonio y memoria de la enorme importancia que ha tenido y tiene el sitio en la vida y construcción de México y de su capital. Conocerlo es fundamental para su preservación. Conforma un noble homenaje al Bosque de Chapultepec, el gran bosque de todos los mexicanos. |
| 651 ## - PUNTO DE ACCESO ADICIONAL DE MATERIA--NOMBRE GEOGRÁFICO |
| Fuente del encabezamiento o término |
México |
| Subdivisión general |
Historia |
| Subdivisión geográfica |
Bosque de Chapultepec |
| 9 (RLIN) |
28425 |
| 942 ## - ELEMENTOS DE PUNTO DE ACCESO ADICIONAL (KOHA) |
| Fuente del sistema de clasificación o colocación |
Library of Congress Classification |
| Tipo de ítem Koha |
Libros |